[Event "WUCC op (Women) 11th"]
[Site "Zuerich"]
[Date "2010.09.07"]
[Round "4"]
[White "Van Nies, Pauline"]
[Black "Rajapaksha, Ashanti K"]
[Result "1-0"]
[WhiteElo "2167"]
[BlackElo "1790"]
[PlyCount "97"]
[EventDate "2010.09.05"]
[EventType "swiss"]
[EventRounds "9"]
[EventCountry "SUI"]
[SourceTitle "CBM 138 Extra"]
[Source "ChessBase"]
[SourceDate "2010.10.29"]
[SourceVersion "1"]
[SourceVersionDate "2010.10.29"]
[SourceQuality "1"]

1. e4 e6 2. d4 d5 3. Nd2 c5 4. Ngf3 Nc6 5. dxc5 Bxc5 6. Nb3 Bd6 7. exd5 exd5 8. c3 Nf6 9. Bg5 Be6 10. Be2 0-0 11. 0-0 Be7 12. Re1 Qb6 13. Be3 Qc7 14. Nbd4 Bg4 15. h3 Bh5 16. Nf5 a6 17. Bg5 Rad8 18. Nxe7+ Qxe7 19. Bxa6 Qc7 20. Bxf6 gxf6 21. Be2 Kh8 22. Nd4 Bg6 23. Qd2 Rg8 24. Bf1 Qd7 25. Qf4 Qd6 26. Qxd6 Rxd6 27. Rad1 Ne5 28. f4 Nc6 29. f5 Bh5 30. g4 Ne5 31. Be2 Rg5 32. Kf2 Nxg4+ 33. hxg4 Bxg4 34. Bxg4 Rxg4 35. Kf3 Rg8 36. Re7 Rg7 37. Re8+ Rg8 38. Rxg8+ Kxg8 39. Nb5 Rd8 40. c4 d4 41. Rxd4 Rc8 42. b3 Rc5 43. Rd5 Rc8 44. Rd7 Rc5 45. Nd6 b6 46. Kf4 Re5 47. Rd8+ Kg7 48. Ne8+ Kh6 49. Nxf6 1-0

[Event "WUCC op (Women) 11th"]
[Site "Zuerich"]
[Date "2010.09.06"]
[Round "3"]
[White "Dale, Hannah"]
[Black "Van Nies, Pauline"]
[Result "1/2-1/2"]
[WhiteElo "1779"]
[BlackElo "2167"]
[PlyCount "67"]
[EventDate "2010.09.05"]
[EventType "swiss"]
[EventRounds "9"]
[EventCountry "SUI"]
[SourceTitle "CBM 138 Extra"]
[Source "ChessBase"]
[SourceDate "2010.10.29"]
[SourceVersion "1"]
[SourceVersionDate "2010.10.29"]
[SourceQuality "1"]

1. c4 Nf6 2. Nc3 b6 3. Nf3 Bb7 4. d3 e6 5. g3 d5 6. cxd5 exd5 7. d4 Be7 8. Bg2 0-0 9. 0-0 c6 10. Re1 Re8 11. Ne5 Nbd7 12. f4 Rc8 13. Bh3 Ra8 14. e3 Nxe5 15. fxe5 Ne4 16. Nxe4 dxe4 17. e6 fxe6 18. Bxe6+ Kh8 19. Bf7 Rf8 20. Rf1 Qd6 21. Qh5 Bc8 22. Bd2 g6 23. Qe5+ Qxe5 24. dxe5 Bf5 25. e6 h5 26. Bc3+ Kh7 27. Rad1 Rad8 28. Be5 Bh3 29. Rfe1 Bg4 30. Rd4 Bf3 31. Bc7 Rxd4 32. exd4 Rc8 33. Be5 Rd8 34. Kf2 1/2-1/2

[Event "Paleochora op 3rd"]
[Site "Paleochora"]
[Date "2010.07.24"]
[Round "4"]
[White "Van Nies, Pauline"]
[Black "Batsiashvili, Nino"]
[Result "0-1"]
[WhiteElo "2191"]
[BlackElo "2383"]
[PlyCount "82"]
[EventDate "2010.07.22"]
[EventType "swiss"]
[EventRounds "9"]
[EventCountry "GRE"]
[SourceTitle "CBM 137 Extra"]
[Source "ChessBase"]
[SourceDate "2010.09.01"]
[SourceVersion "1"]
[SourceVersionDate "2010.09.01"]
[SourceQuality "1"]

1. e4 c6 2. d4 d5 3. exd5 cxd5 4. c4 Nf6 5. Nc3 e6 6. Nf3 Bb4 7. cxd5 Nxd5 8. Qc2 Nc6 9. Be2 Bd7 10. 0-0 Nce7 11. Ne4 Nf5 12. Bg5 Qb6 13. Rfd1 h6 14. Bd2 Rc8 15. Qb3 Bxd2 16. Rxd2 0-0 17. g4 Nfe7 18. Ne5 Bc6 19. Qxb6 axb6 20. Bf3 Rcd8 21. Rad1 Nf4 22. Nxc6 bxc6 23. Nc3 Rd6 24. Kf1 Rfd8 25. Ke1 h5 26. Ne2 Nxe2 27. Kxe2 hxg4 28. Bxg4 g6 29. Ke3 Kg7 30. a3 Rh8 31. Rh1 Nd5+ 32. Ke2 Rh4 33. Bf3 Ne7 34. Bg2 Rhxd4 35. Rxd4 Rxd4 36. b4 Rc4 37. Kd3 b5 38. Re1 Nd5 39. Bxd5 cxd5 40. Rb1 Kf8 41. a4 bxa4 0-1

[Event "LSS OP-2009-0-00935"]
[Site "LSS email"]
[Date "2009.09.08"]
[Round "?"]
[White "Van Nies, Pauline"]
[Black "Bergmann, Paulo Fernando Brit"]
[Result "0-1"]
[WhiteElo "1850"]
[BlackElo "1826"]
[PlyCount "52"]
[EventDate "2009.09.01"]
[EventType "tourn (corr)"]
[EventRounds "4"]
[EventCountry "GER"]
[SourceTitle "Telechess CBM 137"]
[Source "ChessBase"]
[SourceDate "2010.07.15"]
[SourceVersion "1"]
[SourceVersionDate "2010.07.15"]
[SourceQuality "1"]

1. e4 e6 2. d4 d5 3. Nc3 dxe4 4. Nxe4 Nd7 5. Nf3 Ngf6 6. Bg5 h6 7. Nxf6+ Nxf6 8. Be3 Nd5 9. Bc4 Nxe3 10. fxe3 Bd6 11. e4 c5 12. e5 Qa5+ 13. c3 Bc7 14. 0-0 0-0 15. Qd3 Bd7 16. a4 Bc6 17. Ba2 Bxf3 18. Rxf3 cxd4 19. cxd4 Rad8 20. Kh1 Bxe5 21. d5 exd5 22. Rd1 Qxa4 23. Bxd5 Rd7 24. b3 Qh4 25. g3 Qg4 26. Qf1 Bf6 0-1

[Event "LSS OP-2009-0-00935"]
[Site "LSS email"]
[Date "2009.09.08"]
[Round "?"]
[White "Van Nies, Pauline"]
[Black "Bidgood, Lee"]
[Result "0-1"]
[WhiteElo "2024"]
[BlackElo "1235"]
[PlyCount "64"]
[EventDate "2009.09.01"]
[EventType "tourn (corr)"]
[EventRounds "4"]
[EventCountry "GER"]
[SourceTitle "Telechess CBM 137"]
[Source "ChessBase"]
[SourceDate "2010.07.15"]
[SourceVersion "1"]
[SourceVersionDate "2010.07.15"]
[SourceQuality "1"]

1. e4 e5 2. Nf3 Nc6 3. d4 Nf6 4. Nc3 Bb4 5. d5 Ne7 6. Bd3 d6 7. 0-0 0-0 8. Bg5 Bxc3 9. bxc3 Bg4 10. Bxf6 gxf6 11. h3 Bh5 12. g4 Bg6 13. Rb1 b6 14. h4 h5 15. Nd2 c6 16. dxc6 Nxc6 17. f4 hxg4 18. Qxg4 Kh8 19. f5 Bh7 20. Kh1 Rg8 21. Qh5 Qd7 22. Bc4 Raf8 23. Rg1 a6 24. Qh6 Qd8 25. Nf3 b5 26. Bd5 Nb8 27. a4 bxa4 28. h5 Nd7 29. Nh4 Rxg1+ 30. Rxg1 Rg8 31. Bxf7 Rxg1+ 32. Kxg1 Nf8 0-1

[Event "LSS OP-2009-0-00907"]
[Site "LSS email"]
[Date "2009.07.28"]
[Round "?"]
[White "Van Nies, Pauline"]
[Black "Trevis, Robert R"]
[Result "1-0"]
[WhiteElo "1979"]
[BlackElo "907"]
[PlyCount "57"]
[EventDate "2009.07.22"]
[EventType "tourn (corr)"]
[EventRounds "4"]
[EventCountry "GER"]
[SourceTitle "Telechess CBM 137"]
[Source "ChessBase"]
[SourceDate "2010.07.15"]
[SourceVersion "1"]
[SourceVersionDate "2010.07.15"]
[SourceQuality "1"]

1. e4 e5 2. Nf3 Nc6 3. d4 exd4 4. Nxd4 Nf6 5. Nxc6 bxc6 6. e5 Qe7 7. Qe2 Nd5 8. c4 Ba6 9. Qe4 Nf6 10. Qe2 Nd5 11. b3 0-0-0 12. g3 f6 13. Bb2 fxe5 14. Bg2 Re8 15. 0-0 Qg5 16. Nd2 Bb4 17. Ne4 Qg6 18. a3 Ba5 19. Nc5 Nc3 20. Qe3 Qc2 21. Bxc3 Bxc3 22. Rac1 Qb2 23. Rxc3 Bb7 24. Nxd7 Qxa3 25. b4 Qb2 26. Rd1 Rd8 27. Bh3 Rxd7 28. Qxa7 Rhd8 29. Rcd3 1-0

[Event "LSS OP-2009-0-00856"]
[Site "LSS email"]
[Date "2009.05.26"]
[Round "?"]
[White "Pech, Jaroslav Jr"]
[Black "Van Nies, Pauline"]
[Result "0-1"]
[WhiteElo "1817"]
[BlackElo "1997"]
[PlyCount "36"]
[EventDate "2009.05.22"]
[EventType "tourn (corr)"]
[EventRounds "4"]
[EventCountry "GER"]
[SourceTitle "Corr 2011"]
[Source "ChessBase"]
[SourceDate "2010.08.31"]
[SourceVersion "1"]
[SourceVersionDate "2010.08.31"]
[SourceQuality "1"]

1. c4 Nf6 2. Nc3 e5 3. Nf3 Nc6 4. g3 Bc5 5. Bg2 d6 6. d3 h6 7. 0-0 0-0 8. a3 a6 9. b4 Ba7 10. Bb2 Be6 11. e3 Qd7 12. Qc2 Rac8 13. Rfe1 Bh3 14. Rad1 Bxg2 15. Kxg2 Qe6 16. Ne4 Nxe4 17. dxe4 a5 18. b5 Nb8 0-1

[Event "NED-ch U21 Girls"]
[Site "Venlo"]
[Date "2009.04.30"]
[Round "7"]
[White "Vlaar, Shannon"]
[Black "Van Nies, Pauline"]
[Result "0-1"]
[WhiteElo "1707"]
[BlackElo "2143"]
[PlyCount "54"]
[EventDate "2009.04.24"]
[EventType "tourn"]
[EventRounds "9"]
[EventCountry "NED"]
[SourceTitle "CBM 130 Extra"]
[Source "ChessBase"]
[SourceDate "2009.07.02"]
[SourceVersion "2"]
[SourceVersionDate "2009.07.15"]
[SourceQuality "1"]

1. e4 c5 2. Nf3 Nc6 3. Bb5 e6 4. b3 Nge7 5. 0-0 a6 6. Be2 d6 7. Bb2 e5 8. c4 Ng6 9. Nc3 Be7 10. Nd5 0-0 11. Ne1 Nd4 12. Bxd4 cxd4 13. f4 f5 14. fxe5 fxe4 15. exd6 Bxd6 16. Rxf8+ Qxf8 17. Bg4 d3 18. g3 Bc5+ 19. Ne3 Bxe3+ 20. dxe3 Bxg4 21. Qxg4 Qf6 22. Rd1 Rf8 23. Nxd3 exd3 24. h4 Qf2+ 25. Kh1 Qxe3 26. Kg2 Rf2+ 27. Kh1 Qe2 0-1

[Event "NED-ch U21 Girls"]
[Site "Venlo"]
[Date "2009.04.25"]
[Round "2"]
[White "Ferrier, Yvonne"]
[Black "Van Nies, Pauline"]
[Result "1-0"]
[WhiteElo "1843"]
[BlackElo "2143"]
[PlyCount "107"]
[EventDate "2009.04.24"]
[EventType "tourn"]
[EventRounds "9"]
[EventCountry "NED"]
[SourceTitle "CBM 130 Extra"]
[Source "ChessBase"]
[SourceDate "2009.07.02"]
[SourceVersion "2"]
[SourceVersionDate "2009.07.15"]
[SourceQuality "1"]

1. e4 c5 2. Nf3 a6 3. d4 cxd4 4. Nxd4 e5 5. Nf3 Nf6 6. Nc3 Bb4 7. Bd2 0-0 8. Bc4 Bxc3 9. Bxc3 Nxe4 10. Bxe5 d6 11. Bd4 d5 12. Bd3 Nc6 13. 0-0 Nxd4 14. Nxd4 Qb6 15. Nb3 Bf5 16. c3 Rfe8 17. Qc2 g6 18. Nd4 Bd7 19. Qb3 Qxb3 20. Nxb3 Rac8 21. Rfe1 Kf8 22. Kf1 Ba4 23. Nd4 Nd2+ 24. Kg1 Bd7 25. Rad1 Nc4 26. Bxc4 dxc4 27. Kf1 Re7 28. Re2 Rxe2 29. Nxe2 Ke7 30. Nf4 Bf5 31. Rd4 b5 32. Ke2 g5 33. Nd5+ Ke6 34. Ne3 Bb1 35. a3 f5 36. f3 f4 37. Ng4 Rc5 38. Rd8 h5 39. Nf2 Re5+ 40. Kd2 Bg6 41. Nh3 Ke7 42. Rg8 Kf7 43. Rd8 Bd3 44. Ng1 h4 45. Kd1 Be2+ 46. Nxe2 a5 47. Nd4 Re3 48. Nxb5 h3 49. gxh3 Rxf3 50. Rd2 Rxh3 51. Nd6+ Kg7 52. Nxc4 g4 53. Rg2 Rd3+ 54. Kc2 1-0

[Event "LSS BI-2009-P-00022"]
[Site "LSS email"]
[Date "2009.04.19"]
[Round "?"]
[White "Sadler, Kirk"]
[Black "Van Nies, Pauline"]
[Result "0-1"]
[WhiteElo "1587"]
[BlackElo "1904"]
[PlyCount "38"]
[EventDate "2009.04.20"]
[EventType "tourn (corr)"]
[EventRounds "10"]
[EventCountry "GER"]
[SourceTitle "Corr 2011"]
[Source "ChessBase"]
[SourceDate "2010.08.31"]
[SourceVersion "1"]
[SourceVersionDate "2010.08.31"]
[SourceQuality "1"]

1. e4 e5 2. Nf3 Nc6 3. Bb5 a6 4. Ba4 b5 5. Bb3 Na5 6. Bxf7+ Kxf7 7. Nxe5+ Ke7 8. Nf7 Kxf7 9. Qh5+ g6 10. Qd5+ Kg7 11. Qxa8 Nc6 12. d3 Nf6 13. Be3 Nb4 14. Kd2 c5 15. Bf4 Be7 16. Kc1 Ng4 17. Bg3 Qb6 18. Qb8 Qxb8 19. Bxb8 Rf8 0-1

[Event "LSS BI-2009-P-00022"]
[Site "LSS email"]
[Date "2009.04.19"]
[Round "?"]
[White "Van Nies, Pauline"]
[Black "Jones, Ian Robert"]
[Result "1-0"]
[WhiteElo "1997"]
[BlackElo "2057"]
[PlyCount "45"]
[EventDate "2009.04.20"]
[EventType "tourn (corr)"]
[EventRounds "10"]
[EventCountry "GER"]
[SourceTitle "Corr 2011"]
[Source "ChessBase"]
[SourceDate "2010.08.31"]
[SourceVersion "1"]
[SourceVersionDate "2010.08.31"]
[SourceQuality "1"]

1. Nf3 d6 2. d4 Nc6 3. e4 Nf6 4. Nc3 Bg4 5. d5 Nb8 6. h3 Bh5 7. Bd3 e5 8. dxe6 fxe6 9. Bc4 Qd7 10. g4 Bg6 11. Ng5 e5 12. f4 exf4 13. Bxf4 h6 14. Nf3 Nc6 15. Qe2 0-0-0 16. 0-0-0 Qe8 17. Rhe1 Bf7 18. e5 Bxc4 19. Qxc4 dxe5 20. Rxd8+ Qxd8 21. Nxe5 Nxe5 22. Bxe5 Bd6 23. Rd1 1-0

[Event "LSS BI-2009-P-00022"]
[Site "LSS email"]
[Date "2009.04.19"]
[Round "?"]
[White "Waerstad, Leif Edvin"]
[Black "Van Nies, Pauline"]
[Result "1/2-1/2"]
[WhiteElo "1836"]
[BlackElo "1904"]
[PlyCount "60"]
[EventDate "2009.04.20"]
[EventType "tourn (corr)"]
[EventRounds "10"]
[EventCountry "GER"]
[SourceTitle "Corr 2011"]
[Source "ChessBase"]
[SourceDate "2010.08.31"]
[SourceVersion "1"]
[SourceVersionDate "2010.08.31"]
[SourceQuality "1"]

1. e4 c5 2. Nf3 d6 3. d4 cxd4 4. Nxd4 Nf6 5. Nc3 a6 6. Be3 e5 7. Nb3 Be6 8. f3 Be7 9. Qd2 0-0 10. 0-0-0 Nbd7 11. g4 b5 12. g5 b4 13. Ne2 Ne8 14. f4 a5 15. Kb1 a4 16. Nbc1 a3 17. b3 exf4 18. Bxf4 Qa5 19. Nd3 Nc5 20. Qxb4 Nxd3 21. Qxa5 Rxa5 22. Rxd3 Bxg5 23. b4 Rb5 24. Bxg5 Rxg5 25. Rxa3 Nf6 26. Ng3 Rb8 27. c3 h5 28. Bd3 h4 29. Nf5 Bxf5 30. exf5 Rg2 1/2-1/2

[Event "LSS ZI-2009-0-00398"]
[Site "LSS email"]
[Date "2009.04.15"]
[Round "?"]
[White "Laureles, Raymundo"]
[Black "Van Nies, Pauline"]
[Result "1/2-1/2"]
[WhiteElo "1459"]
[BlackElo "1867"]
[PlyCount "37"]
[EventDate "2009.04.07"]
[EventType "match (corr)"]
[EventRounds "2"]
[EventCountry "GER"]
[SourceTitle "Corr 2011"]
[Source "ChessBase"]
[SourceDate "2010.08.31"]
[SourceVersion "1"]
[SourceVersionDate "2010.08.31"]
[SourceQuality "1"]

1. e4 Nf6 2. e5 Nd5 3. c4 Nb6 4. c5 Nd5 5. Bc4 e6 6. Nc3 Nxc3 7. bxc3 Qg5 8. Nf3 Qxg2 9. Rg1 Qh3 10. d4 h6 11. Rg3 Qh5 12. h3 b6 13. Be2 Ba6 14. c4 Nc6 15. cxb6 axb6 16. a3 Bc8 17. Bb2 Bb7 18. Ng5 Qh4 19. Rg4 1/2-1/2

[Event "LSS ZI-2009-0-00398"]
[Site "LSS email"]
[Date "2009.04.15"]
[Round "?"]
[White "Van Nies, Pauline"]
[Black "Laureles, Raymundo"]
[Result "1-0"]
[WhiteElo "1904"]
[BlackElo "1547"]
[PlyCount "53"]
[EventDate "2009.04.07"]
[EventType "match (corr)"]
[EventRounds "2"]
[EventCountry "GER"]
[SourceTitle "Corr 2011"]
[Source "ChessBase"]
[SourceDate "2010.08.31"]
[SourceVersion "1"]
[SourceVersionDate "2010.08.31"]
[SourceQuality "1"]

1. d4 Nf6 2. Bf4 g6 3. e3 Bg7 4. Nf3 0-0 5. Be2 d6 6. 0-0 Be6 7. Nc3 a6 8. e4 b5 9. d5 Bd7 10. a3 e5 11. Be3 Nh5 12. Qd2 Qe7 13. h3 Re8 14. Rfe1 f5 15. exf5 gxf5 16. Nxe5 dxe5 17. Bxh5 Rc8 18. Rad1 f4 19. Bxf4 Qh4 20. Bxe5 Qxh5 21. Bxg7 Kxg7 22. Qd4+ Kg8 23. Rd3 Bf5 24. Re7 Qh6 25. d6 c6 26. Rg3+ Bg6 27. Ne4 1-0

[Event "LSS ZI-2009-0-00386"]
[Site "LSS email"]
[Date "2009.03.26"]
[Round "?"]
[White "Van Nies, Pauline"]
[Black "Kudryavtsev, Yaroslav Viktorovic"]
[Result "1/2-1/2"]
[WhiteElo "1904"]
[BlackElo "1896"]
[PlyCount "55"]
[EventDate "2009.03.23"]
[EventType "match (corr)"]
[EventRounds "2"]
[EventCountry "GER"]
[SourceTitle "Corr 2011"]
[Source "ChessBase"]
[SourceDate "2010.08.31"]
[SourceVersion "1"]
[SourceVersionDate "2010.08.31"]
[SourceQuality "1"]

1. c4 e5 2. Nc3 Nc6 3. Nf3 f5 4. g3 Nf6 5. Bh3 d5 6. d4 exd4 7. Nxd4 dxc4 8. Nxc6 Qxd1+ 9. Nxd1 bxc6 10. 0-0 Be6 11. Bg2 Bd5 12. Ne3 g6 13. Nxc4 Bg7 14. b3 a5 15. Bb2 a4 16. Rfc1 axb3 17. axb3 0-0 18. Rxa8 Rxa8 19. Bxd5+ Nxd5 20. Bxg7 Kxg7 21. f3 Kf6 22. e4 fxe4 23. fxe4 Nb4 24. Rd1 Ke6 25. h3 Rb8 26. Kf2 Nc2 27. Rd3 c5 28. Nd2 1/2-1/2

[Event "LSS ZI-2009-0-00381"]
[Site "LSS email"]
[Date "2009.03.24"]
[Round "?"]
[White "Raluy Lopez, Marcos"]
[Black "Van Nies, Pauline"]
[Result "1/2-1/2"]
[WhiteElo "1617"]
[BlackElo "1997"]
[PlyCount "82"]
[EventDate "2009.03.19"]
[EventType "match (corr)"]
[EventRounds "2"]
[EventCountry "GER"]
[SourceTitle "Corr 2011"]
[Source "ChessBase"]
[SourceDate "2010.08.31"]
[SourceVersion "1"]
[SourceVersionDate "2010.08.31"]
[SourceQuality "1"]

1. d4 Nf6 2. c4 c5 3. d5 g6 4. Nc3 d6 5. e4 Bg7 6. f4 0-0 7. Nf3 e6 8. Be2 exd5 9. cxd5 Bg4 10. 0-0 Nbd7 11. Re1 Re8 12. h3 Bxf3 13. Bxf3 a6 14. a4 Qa5 15. Be3 c4 16. Kh1 Re7 17. Re2 Ne8 18. Qe1 Rd8 19. Rd1 Qb4 20. Bd4 Bxd4 21. Rxd4 Ng7 22. g4 Rde8 23. Qg3 f6 24. h4 b5 25. h5 Qc5 26. Rdd2 b4 27. Nd1 Rc8 28. hxg6 hxg6 29. Rh2 Nb6 30. Qh3 Kf7 31. f5 g5 32. Qh7 Nd7 33. Qg6+ Kg8 34. Rh7 Nf8 35. Qxf6 Nxh7 36. Qxe7 Re8 37. Qd7 c3 38. bxc3 bxc3 39. Rc2 Nf6 40. Qb7 Nxe4 41. Bxe4 Rxe4 1/2-1/2

[Event "LSS ZI-2009-0-00381"]
[Site "LSS email"]
[Date "2009.03.24"]
[Round "?"]
[White "Van Nies, Pauline"]
[Black "Raluy Lopez, Marcos"]
[Result "1-0"]
[WhiteElo "1904"]
[BlackElo "1653"]
[PlyCount "59"]
[EventDate "2009.03.19"]
[EventType "match (corr)"]
[EventRounds "2"]
[EventCountry "GER"]
[SourceTitle "Corr 2011"]
[Source "ChessBase"]
[SourceDate "2010.08.31"]
[SourceVersion "1"]
[SourceVersionDate "2010.08.31"]
[SourceQuality "1"]

1. e4 c5 2. Nf3 e6 3. d4 cxd4 4. Bc4 Nc6 5. Nxd4 Nf6 6. Nc3 d6 7. 0-0 Be7 8. Be3 0-0 9. Bb3 Nxd4 10. Bxd4 b5 11. Nxb5 Ba6 12. a4 Nxe4 13. c4 Bb7 14. Bxa7 Rxa7 15. Nxa7 Qa8 16. Nb5 Rd8 17. f3 Nc5 18. Bc2 d5 19. Qe2 dxc4 20. Qxc4 Bd5 21. Qb4 Qb7 22. Qf4 Qb6 23. Kh1 Rc8 24. Rfd1 g6 25. Rac1 Qd8 26. Qd2 Bg5 27. f4 Bf6 28. b4 Na6 29. Bb3 Rxc1 30. Rxc1 1-0

[Event "LSS OP-2009-0-00778"]
[Site "LSS email"]
[Date "2009.03.05"]
[Round "?"]
[White "Dantas, Roberto"]
[Black "Van Nies, Pauline"]
[Result "1-0"]
[WhiteElo "1867"]
[BlackElo "1867"]
[PlyCount "101"]
[EventDate "2009.03.01"]
[EventType "tourn (corr)"]
[EventRounds "4"]
[EventCountry "GER"]
[SourceTitle "Corr 2011"]
[Source "ChessBase"]
[SourceDate "2010.08.31"]
[SourceVersion "1"]
[SourceVersionDate "2010.08.31"]
[SourceQuality "1"]

1. d4 Nf6 2. c4 g6 3. Nc3 Bg7 4. e4 d6 5. Nf3 0-0 6. Be2 e5 7. Be3 Ng4 8. Bg5 f6 9. Bh4 Nc6 10. d5 Nd4 11. Nxd4 exd4 12. Qxd4 g5 13. Bg3 f5 14. Qd1 Bxc3+ 15. bxc3 Nf6 16. e5 f4 17. exf6 Qxf6 18. Qd4 Qe7 19. Qd2 Bf5 20. 0-0 fxg3 21. hxg3 h6 22. Rae1 Qe4 23. c5 Qc2 24. Qd4 Qe4 25. Qxe4 Bxe4 26. Bc4 Bf5 27. f3 Rac8 28. c6 Rb8 29. cxb7 Rxb7 30. g4 Bg6 31. Re6 Kg7 32. Bb3 a5 33. Rfe1 Rf4 34. Re7+ Kf8 35. c4 Bf7 36. c5 Rfb4 37. c6 Ra7 38. Rd7 a4 39. Ree7 Bg6 40. Re6 Bb1 41. Rf6+ Kg8 42. Rfxd6 axb3 43. Rd8+ Kf7 44. R6d7+ Kg6 45. Rg8+ Kf6 46. Re8 Bf5 47. axb3 Rxb3 48. Rf8+ Kg6 49. gxf5+ Kh5 50. d6 Ra1+ 51. Kh2 1-0

[Event "LSS ZI-2009-0-00365"]
[Site "LSS email"]
[Date "2009.03.05"]
[Round "?"]
[White "Visser, Bob"]
[Black "Van Nies, Pauline"]
[Result "0-1"]
[WhiteElo "1406"]
[BlackElo "1904"]
[PlyCount "55"]
[EventDate "2009.02.25"]
[EventType "match (corr)"]
[EventRounds "2"]
[EventCountry "GER"]
[SourceTitle "Corr 2011"]
[Source "ChessBase"]
[SourceDate "2010.08.31"]
[SourceVersion "1"]
[SourceVersionDate "2010.08.31"]
[SourceQuality "1"]

1. Nc3 d5 2. e4 c6 3. Qf3 dxe4 4. Nxe4 Nd7 5. d4 Ndf6 6. Bd3 Qxd4 7. Ne2 Qb4+ 8. Bd2 Qxb2 9. 0-0 Nxe4 10. Bxe4 Qf6 11. Qd3 Qd6 12. Qf3 Qxd2 13. Bxc6+ bxc6 14. Qxc6+ Qd7 15. Qxa8 e5 16. Rab1 Bc5 17. Rfd1 Qc7 18. Nc3 Bxf2+ 19. Kxf2 Qc5+ 20. Kf1 Qxc3 21. Rb8 Qc4+ 22. Ke1 Ne7 23. Qb7 Qc3+ 24. Kf1 Qc4+ 25. Ke1 Qc3+ 26. Kf1 f6 27. Qxa7 Kf7 28. Qf2 0-1

[Event "WMSG Rapid Team 1st (Women)"]
[Site "Beijing"]
[Date "2008.10.16"]
[Round "7"]
[White "Vahtra, Tuuli"]
[Black "Van Nies, Pauline"]
[Result "0-1"]
[WhiteElo "1961"]
[BlackElo "2165"]
[PlyCount "98"]
[EventDate "2008.10.14"]
[EventType "team (rapid)"]
[EventRounds "9"]
[EventCountry "CHN"]
[SourceTitle "CBM 126 Extra"]
[Source "ChessBase"]
[SourceDate "2008.11.05"]
[SourceVersion "1"]
[SourceVersionDate "2008.11.05"]
[SourceQuality "1"]

1. c4 Nf6 2. Nc3 d5 3. d4 g6 4. e3 Bg7 5. Nf3 0-0 6. Bd3 dxc4 7. Bxc4 c5 8. d5 Nbd7 9. e4 Nb6 10. Be2 Bg4 11. h3 Bxf3 12. Bxf3 Nfd7 13. 0-0 Nc4 14. Be2 Nd6 15. Qc2 a6 16. a4 f5 17. exf5 Nxf5 18. Bc4 Kh8 19. Ne4 Nd4 20. Qd1 Ne5 21. Ba2 Qc7 22. f4 Nd7 23. Qd3 Nf5 24. Ng5 Qb6 25. Kh2 Nd4 26. Rb1 Nf6 27. Ne6 Nxe6 28. dxe6 Rad8 29. Qc4 Nd5 30. Bd2 Qd6 31. Rbd1 Qc6 32. Bc3 Nxc3 33. bxc3 b5 34. Qe2 Rxd1 35. Qxd1 c4 36. axb5 axb5 37. Qc2 Qxe6 38. Bb1 Qd6 39. g3 Rd8 40. Rf2 Qa3 41. Rf3 b4 42. Qe2 bxc3 43. Qxc4 Qb2+ 44. Kg1 Qxb1+ 45. Rf1 Qd3 46. Qe6 Qxg3+ 47. Kh1 Bf6 48. Qe4 Rd2 49. Qa8+ Kg7 0-1

[Event "WMSG Rapid Team 1st (Women)"]
[Site "Beijing"]
[Date "2008.10.15"]
[Round "3"]
[White "Ruan, Lufei"]
[Black "Van Nies, Pauline"]
[Result "1-0"]
[WhiteElo "2496"]
[BlackElo "2165"]
[PlyCount "114"]
[EventDate "2008.10.14"]
[EventType "team (rapid)"]
[EventRounds "9"]
[EventCountry "CHN"]
[SourceTitle "CBM 126 Extra"]
[Source "ChessBase"]
[SourceDate "2008.11.05"]
[SourceVersion "1"]
[SourceVersionDate "2008.11.05"]
[SourceQuality "1"]

1. e4 c5 2. Nf3 Nc6 3. Nc3 d6 4. d4 cxd4 5. Nxd4 Nf6 6. Bg5 e6 7. Qd2 a6 8. 0-0-0 Bd7 9. f4 h6 10. Bh4 g5 11. fxg5 Ng4 12. Be2 Nge5 13. Rhf1 Nxd4 14. Qxd4 hxg5 15. Bg3 f6 16. Na4 Be7 17. Nb6 Rb8 18. Bxe5 fxe5 19. Qf2 Qc7 20. Qf7+ Kd8 21. Nxd7 Qxd7 22. Bg4 Rh6 23. h3 Kc7 24. Qf3 Rf8 25. Qb3 Rhf6 26. Rfe1 Kb8 27. Re3 Rc8 28. Bf3 Rc5 29. Rc3 Rxc3 30. Qxc3 Qc6 31. Qa5 Ka7 32. a3 Rf4 33. Rd3 Qb6 34. Qe1 Kb8 35. Kb1 Qc5 36. Rc3 Qd4 37. Rd3 Qc5 38. Rd1 Qc4 39. Qa5 Qc7 40. Qa4 Qc6 41. Qb3 Rf6 42. Rd3 Ka7 43. Rc3 Qb6 44. Qc4 Bd8 45. Qc8 Be7 46. Qe8 Qd8 47. Qa4 Qb6 48. Rc8 Rf8 49. Rxf8 Bxf8 50. Qe8 g4 51. Bxg4 Bh6 52. Qxe6 Bf4 53. Bf3 Bd2 54. h4 Qg1+ 55. Ka2 Qd4 56. h5 Bc1 57. Qb3 Qc5 1-0